000 00901nam a2200277 i 4500
001 000022020
003 DO-SdBNP
005 20250404104156.0
007 ta
008 100916s1981 dr 001 0 spa d
040 _aDO-SdBNP
_bspa
_cBNPHU
082 _axxxxx
_bF634D
_222
100 1 _aFlores Santana, Juan Francisco
_eautor
_945651
245 1 0 _aDios y el hombre :
_ba través de Cristo y de María /
_cJuan Francisco Flores Santana.
250 _atercera edición
264 _aLa Vega :
_bObispado de La Vega,
_c1981.
300 _a613 páginas ;
_c22 cm.
336 _ardacontent
_btexto
_2txt
337 _ardamedia
_bsin mediación
_2n
338 _ardacarrier
_bvolumen
_2nc
500 _aPara meditación personal y para charlas
500 _aIncluye referencias bibliográficas y notas al pie de las páginas
590 _aInventariado, 2025/DG
910 _aDG
942 _2ddc
_cLBS1
999 _c21518
_d21518